Statystyki dla Przedstawiciele Młodej Polski

Kliknij tutaj aby rozwiązać quiz!

Ogólne statystyki

  • Ten quiz został rozwiązany 18 razy
    (9 od ostatniego zresetowania)
  • Średni wynik to 8 z 29

Statystyki odpowiedzi

HintOdpowiedź% Poprawnych
PoetaKazimierz Przerwa-Tetmajer
86%
Poeta, malarz,
grafik, architekt
Stanisław Wyspiański
86%
PoetaJan Kasprowicz
57%
MalarzJacek Malczewski
43%
Inna nazwa Młodej Polskimodernizm
43%
Inna nazwa Młodej Polskineoromantyzm
43%
MalarzWładysław Podkowiński
43%
PisarzWładysław Stanisław Reymont
43%
PoetaCharles Baudelaire (Przeklęty)
29%
Inna nazwa Młodej Polskifin de siecle
29%
MalarzJózef Mehoffer
29%
PoetaLeopold Staff
29%
PisarzStanisław Przybyszewski
29%
Prozaik, publicystaStefan Żeromski
29%
ArchitektAntonio Gaudi
14%
FilozofArthur Schopenhauer
14%
Inna nazwa Młodej Polskibelle epoque
14%
MalarzClaude Monet
14%
MalarzEdgar Degas
14%
MalarzEdward Munch
14%
FilozofFriedrich Nietzsche
14%
MalarzGustav Klimt
14%
FilozofHenri Bergson
14%
MalarzJózef Pankiewicz
14%
FilozofMichaił Bachtin
14%
PoetaPaul Verlaine (Przeklęty)
14%
FilozofSoren Aabye Kierkegaard
14%
PoetaStanisław Korab-Brzozowski
14%
MalarzAugust Renoir
0%

Rozkład punktacji

Percentyl według liczby udzielonych odpowiedzi

Procent ludzi z każdym wynikiem

Twoja historia wyników

Nie rozwiązałeś tego quizu od ostatniego zresetowania